| 000 | 00707nam a2200229Ia 4500 | ||
|---|---|---|---|
| 001 | 8781 | ||
| 003 | GE_BSU | ||
| 008 | 181216s||||||||xx |||||||||||||| ||und|| | ||
| 040 | _cGE_BSU | ||
| 080 | _a821.353.1–32 | ||
| 100 | _aთორია,ზურაბ | ||
| 245 | _aადგილი ცის ქვეშ | ||
| 245 | _bმოთხრობები | ||
| 245 | _cრედ.ლ.მესხი;მხატვ:დ.ბერძენიშვილი | ||
| 260 | _aთბილისი | ||
| 260 | _bმერანი | ||
| 260 | _c1986 | ||
| 300 | _a127გვ.16სმ | ||
| 653 | _aადგილი ცის ქვეშ | ||
| 653 | _aმოთხრობები | ||
| 942 | _cBK | ||
| 999 |
_c42091 _d42091 |
||